000 00892nam a2200301 a 4500
001 0045137
003 DO-SdBNP
005 20160623094315.0
007 0045137
008 150204s2004 sp a 000 0 spa d
020 _a843167637X
040 _aBPMSU
_bspa
_cBPMSU
092 _aI863.32
_bC419d
100 1 _aCervantes, Miguel de
245 1 0 _aDon quijote /
_b
_cMiguel de Cervantes ; adaptación de Agustín Sánchez Aguilar : ilustración svetlin
250 _a
260 _aMadrid :
_bVincens Vives,
_c2004
300 _a159 p. :
_bil. ;
_c23 cm.
490 1 _aCuccaña
_v
600 _aCervantes Saavedra, Miguel de,
_d1547-1616.
650 _aNOVELA ESPAÑOLA
650 _aLITERATURA ESPAÑOLA
700 1 _a Sánchez, Agustín
_e
700 1 _asvetlin
_e il.
830 0 _a Cuccaña
_p
942 _2ddc
_cBK
956 _aVMATEO
_b10
_c20160623
_lBPMSU
_h0069
999 _c10521
_d10521